[Event "IMSA Blitz Women 2019"]
[Site "Hengshui"]
[Date "2019.05.17"]
[Round "3.1"]
[White "Harika, Dronavalli"]
[Black "Abdumalik, Zhansaya"]
[Result "1-0"]
[WhiteElo "2492"]
[BlackElo "2464"]
[Annotator "ChessBase"]
[PlyCount "59"]
[EventDate "2019.05.17"]
[EventType "blitz"]
[EventCountry "CHN"]
[SourceTitle "playchess.com"]
[Source "ChessBase"]
[SourceQuality "1"]
[TimeControl "180+2"]

1. Nf3 {[%emt 0:00:00]} Nf6 {[%emt 0:00:00]} 2. c4 {[%emt 0:00:01]} c5 {[%emt 0:00:01]} 3. Nc3 {[%emt 0:00:00]} d5 {[%emt 0:00:01]} 4. cxd5 Nxd5 {[%emt 0:00:01]} 5. e4 {[%emt 0:00:04]} Nb4 {[%emt 0:00:01]} 6. Bc4 {[%emt 0:00:01]} Nd3+ {[%emt 0:00:03]} 7. Ke2 {[%emt 0:00:01]} Nf4+ {[%emt 0:00:01]} 8. Kf1 {[%emt 0:00:01]} Nd3 {[%emt 0:00:00]} 9. Qe2 {[%emt 0:00:01]} Nxc1 {[%emt 0:00:01]} 10. Rxc1 {[%emt 0:00:02]} e6 {[%emt 0:00:01]} 11. e5 {[%emt 0:00:04]} Nc6 {[%emt 0:00:03]} 12. h4 {[%emt 0:00:02]} Bd7 {[%emt 0:00:01]} 13. Qe3 {[%emt 0:00:06]} Qb6 {[%emt 0:00:15]} 14. Qf4 {[%emt 0:00:11]} h6 {[%emt 0:00:01]} 15. Kg1 {[%emt 0:00:01]} Nd4 {[%emt 0:00:27]} 16. Nxd4 {[%emt 0:00:17]} cxd4 {[%emt 0:00:00]} 17. Ne4 {[%emt 0:00:01]} Qxb2 {[%emt 0:00:05]} 18. Kh2 {[%emt 0:00:05]} Bc6 {[%emt 0:00:15]} 19. Rb1 {[%emt 0:00:17]} Qa3 {[%emt 0:00:00]} 20. Bb5 {[%emt 0:00:08]} Be7 {[%emt 0:00:14]} 21. Bxc6+ bxc6 {[%emt 0:00:01]} 22. Rb3 {[%emt 0:00:09]} Qa6 {[%emt 0:00:01]} 23. Rg3 {[%emt 0:00:24]} g6 {[%emt 0:00:43]} 24. Rb1 {[%emt 0:00:27]} Rd8 {[%emt 0:00:15]} 25. Nf6+ {[%emt 0:00:34]} Bxf6 {[%emt 0:00:17]} 26. Qxf6 {[%emt 0:00:01]} Rf8 {[%emt 0:00:03]} 27. Rgb3 {[%emt 0:00:04]} Qa5 {[%emt 0:00:42]} 28. Rb7 {[%emt 0:00:21]} Rd7 {[%emt 0:00:11]} 29. Rb8+ {[%emt 0:00:03]} Rd8 {[%emt 0:00:01]} 30. R1b7 {[%emt 0:00:02]} 1-0

[Event "IMSA Blitz Women 2019"]
[Site "Hengshui"]
[Date "2019.05.17"]
[Round "3.1"]
[White "Stefanova, Antoaneta"]
[Black "Lei, Tingjie"]
[Result "1-0"]
[WhiteElo "2470"]
[BlackElo "2507"]
[Annotator "RC"]
[PlyCount "111"]
[EventDate "2019.05.17"]
[EventType "blitz"]
[EventCountry "CHN"]
[SourceTitle "playchess.com"]
[Source "ChessBase"]
[SourceQuality "1"]
[TimeControl "180+2"]

1. d4 {[%emt 0:00:00]} Nf6 {[%emt 0:00:00]} 2. Nc3 {[%emt 0:00:00]} d5 {[%emt 0:00:05]} 3. Bf4 {[%emt 0:00:01]} e6 {[%emt 0:00:17]} 4. e3 {[%emt 0:00:06]} Bd6 {[%emt 0:00:02]} 5. Bg3 {[%emt 0:00:07]} O-O {[%emt 0:00:02]} 6. Nb5 {[%emt 0:00:22]} Ne4 {[%emt 0:00:43]} 7. Nxd6 {[%emt 0:00:10]} cxd6 {[%emt 0:00:01]} 8. Bd3 {[%emt 0:00:08]} b6 {[%emt 0:00:10]} 9. f3 {[%emt 0:00:07]} Nxg3 {[%emt 0:00:04]} 10. hxg3 {[%emt 0:00:01]} f5 {[%emt 0:00:06]} 11. f4 {[%emt 0:00:04]} Ba6 {[%emt 0:00:06]} 12. Qh5 {[%emt 0:00:06]} h6 {[%emt 0:00:03]} 13. g4 {[%emt 0:00:03]} Bxd3 {[%emt 0:00:05]} 14. cxd3 {[%emt 0:00:01]} fxg4 {[%emt 0:00:03]} 15. Qxg4 {[%emt 0:00:03]} Qf6 {[%emt 0:00:01]} 16. Rc1 {[%emt 0:00:03]} Na6 {[%emt 0:00:32]} 17. a3 {[%emt 0:00:18]} e5 {[%emt 0:00:08]} 18. Ne2 {[%emt 0:00:12]} exd4 {[%emt 0:00:10]} 19. exd4 {[%emt 0:00:30]} Rae8 {[%emt 0:00:09]} 20. O-O {[%emt 0:00:04]} Re3 {[%emt 0:00:03]} 21. Rc3 {[%emt 0:00:48]} Rfe8 {[%emt 0:00:03]} 22. Rf2 {[%emt 0:00:02]} Kh7 {[%emt 0:00:07]} 23. f5 {[%emt 0:00:07]} Nb8 {[%emt 0:00:28]} 24. Qg6+ {[%emt 0:00:02]} Qxg6 {[%emt 0:00:02]} 25. fxg6+ {[%emt 0:00:01]} Kxg6 {[%emt 0:00:02]} 26. Nf4+ {[%emt 0:00:01]} Kg5 {[%emt 0:00:12]} 27. Nxd5 {[%emt 0:00:03]} Re1+ {[%emt 0:00:02]} 28. Kh2 {[%emt 0:00:01]} Na6 {[%emt 0:00:02]} 29. Rc6 {[%emt 0:00:06]} R8e6 {[%emt 0:00:04]} 30. Rc8 {[%emt 0:00:01]} Rd1 {[%emt 0:00:03]} 31. Rg8 {[%emt 0:00:04]} g6 {[%emt 0:00:01]} 32. Nf4 {[%emt 0:00:02]} Ree1 {[%emt 0:00:05]} 33. Rxg6+ {[%emt 0:00:02]} Kf5 {[%emt 0:00:01]} 34. Rg8 {[%emt 0:00:03]} Rh1+ 35. Kg3 Nc7 {[%emt 0:00:02]} 36. Nd5+ {[%emt 0:00:01]} Ke6 {[%emt 0:00:01]} 37. Nxc7+ {[%emt 0:00:01]} Kd7 {[%emt 0:00:01]} 38. Rg7+ {[%emt 0:00:01]} Kc6 {[%emt 0:00:00]} 39. d5+ {[%emt 0:00:01]} Kc5 {[%emt 0:00:01]} 40. Rc2+ {[%emt 0:00:02]} Kd4 {[%emt 0:00:01]} 41. Rg4+ {[%emt 0:00:03]} Kxd3 {[%emt 0:00:03]} 42. Rc3+ {[%emt 0:00:01]} Ke2 {[%emt 0:00:02]} 43. Re4+ {[%emt 0:00:01]} Kd2 {[%emt 0:00:01]} 44. Rd4+ {[%emt 0:00:00]} Ke2 {[%emt 0:00:01]} 45. Rxd1 {[%emt 0:00:01]} Rxd1 {[%emt 0:00:01]} 46. Rc6 {[%emt 0:00:01]} Rd3+ {[%emt 0:00:04]} 47. Kf4 {[%emt 0:00:02]} Rd2 {[%emt 0:00:06]} 48. b4 {[%emt 0:00:03]} Rd3 {[%emt 0:00:01]} 49. Rxd6 {[%emt 0:00:02]} Rxa3 {[%emt 0:00:02]} 50. Rxh6 {[%emt 0:00:02]} Rd3 {[%emt 0:00:00]} 51. Ke5 {[%emt 0:00:03]} a5 {[%emt 0:00:01]} 52. bxa5 {[%emt 0:00:01]} bxa5 53. Ra6 {[%emt 0:00:02]} Ra3 {[%emt 0:00:04]} 54. d6 {[%emt 0:00:01]} a4 {[%emt 0:00:00]} 55. d7 {[%emt 0:00:01]} Rd3 {[%emt 0:00:01]} 56. Nd5 {[%emt 0:00:01]} 1-0

[Event "IMSA Blitz Women 2019"]
[Site "Hengshui"]
[Date "2019.05.17"]
[Round "3.1"]
[White "Bodnaruk, Anastasia"]
[Black "Khotenashvili, Bela"]
[Result "1-0"]
[WhiteElo "2431"]
[BlackElo "2476"]
[Annotator "RC"]
[PlyCount "109"]
[EventDate "2019.05.17"]
[EventType "blitz"]
[EventCountry "CHN"]
[SourceTitle "playchess.com"]
[Source "ChessBase"]
[SourceQuality "1"]
[TimeControl "180+2"]

1. e4 {[%emt 0:00:00]} c6 {[%emt 0:00:00]} 2. d4 {[%emt 0:00:00]} d5 {[%emt 0:00:00]} 3. e5 {[%emt 0:00:00]} Bf5 {[%emt 0:00:02]} 4. Nf3 {[%emt 0:00:01]} e6 {[%emt 0:00:01]} 5. Be2 {[%emt 0:00:01]} Nd7 {[%emt 0:00:01]} 6. O-O {[%emt 0:00:02]} h5 {[%emt 0:00:02]} 7. b3 {[%emt 0:00:12]} Be7 {[%emt 0:00:04]} 8. c4 {[%emt 0:00:03]} g5 {[%emt 0:00:07]} 9. Nc3 {[%emt 0:00:08]} a6 {[%emt 0:00:05]} 10. Be3 {[%emt 0:00:05]} Nh6 {[%emt 0:00:33]} 11. Qd2 {[%emt 0:00:15]} Rg8 {[%emt 0:00:01]} 12. h4 {[%emt 0:00:06]} Bg4 {[%emt 0:00:36]} 13. Nxg5 {[%emt 0:00:37]} Nf5 {[%emt 0:00:13]} 14. f3 {[%emt 0:00:30]} Nxe3 {[%emt 0:00:09]} 15. Qxe3 {[%emt 0:00:04]} Bf5 {[%emt 0:00:01]} 16. f4 {[%emt 0:00:06]} Rh8 {[%emt 0:00:10]} 17. Rad1 {[%emt 0:00:07]} Nf8 {[%emt 0:00:03]} 18. Bf3 {[%emt 0:00:08]} Ng6 {[%emt 0:00:05]} 19. g3 {[%emt 0:00:01]} Qa5 {[%emt 0:00:09]} 20. a4 {[%emt 0:00:07]} Bb4 {[%emt 0:00:23]} 21. Na2 {[%emt 0:00:10]} dxc4 {[%emt 0:00:17]} 22. bxc4 {[%emt 0:00:05]} Qxa4 {[%emt 0:00:02]} 23. Nxb4 {[%emt 0:00:06]} Qxb4 {[%emt 0:00:02]} 24. d5 {[%emt 0:00:09]} cxd5 {[%emt 0:00:23]} 25. cxd5 {[%emt 0:00:01]} Rc8 {[%emt 0:00:03]} 26. d6 {[%emt 0:00:09]} Kf8 {[%emt 0:00:06]} 27. Rd4 {[%emt 0:00:16]} Qb6 {[%emt 0:00:07]} 28. Rfd1 {[%emt 0:00:09]} Kg7 {[%emt 0:00:01]} 29. Kh2 {[%emt 0:00:05]} Rc2+ {[%emt 0:00:01]} 30. R1d2 Rxd2+ {[%emt 0:00:02]} 31. Qxd2 {[%emt 0:00:02]} a5 {[%emt 0:00:06]} 32. Rc4 {[%emt 0:00:09]} Qb5 {[%emt 0:00:03]} 33. Rc7 {[%emt 0:00:04]} Rf8 {[%emt 0:00:02]} 34. d7 {[%emt 0:00:04]} Rd8 {[%emt 0:00:02]} 35. Rxb7 Qc4 {[%emt 0:00:04]} 36. Qxa5 {[%emt 0:00:05]} Qc2+ {[%emt 0:00:01]} 37. Bg2 {[%emt 0:00:03]} Nxf4 {[%emt 0:00:03]} 38. gxf4 {[%emt 0:00:01]} Qf2 {[%emt 0:00:02]} 39. Qb4 {[%emt 0:00:02]} Qxh4+ {[%emt 0:00:03]} 40. Nh3 {[%emt 0:00:00]} Bxh3 {[%emt 0:00:02]} 41. Bxh3 {[%emt 0:00:01]} Qf2+ {[%emt 0:00:01]} 42. Bg2 {[%emt 0:00:01]} Qh4+ {[%emt 0:00:01]} 43. Kg1 {[%emt 0:00:00]} Qg3 {[%emt 0:00:01]} 44. Qd2 {[%emt 0:00:04]} h4 {[%emt 0:00:03]} 45. Qf2 {[%emt 0:00:00]} Qc3 {[%emt 0:00:02]} 46. Rb1 {[%emt 0:00:06]} h3 {[%emt 0:00:02]} 47. Bf3 {[%emt 0:00:02]} Qc4 48. Qg3+ {[%emt 0:00:02]} Kf8 {[%emt 0:00:05]} 49. Rd1 {[%emt 0:00:03]} Qc5+ {[%emt 0:00:02]} 50. Kh2 {[%emt 0:00:02]} Qc2+ {[%emt 0:00:01]} 51. Kxh3 Qf5+ {[%emt 0:00:02]} 52. Qg4 {[%emt 0:00:02]} Qh7+ {[%emt 0:00:00]} 53. Qh5 {[%emt 0:00:01]} Qc2 {[%emt 0:00:02]} 54. Qh8+ {[%emt 0:00:02]} Ke7 {[%emt 0:00:02]} 55. Qf6+ {[%emt 0:00:01]} 1-0

[Event "IMSA Blitz Women 2019"]
[Site "Hengshui"]
[Date "2019.05.17"]
[Round "3.1"]
[White "Krush, Irina"]
[Black "Tan, Zhongyi"]
[Result "0-1"]
[WhiteElo "2422"]
[BlackElo "2513"]
[Annotator "TA"]
[PlyCount "68"]
[EventDate "2019.05.17"]
[EventType "blitz"]
[EventCountry "CHN"]
[SourceTitle "playchess.com"]
[Source "ChessBase"]
[SourceQuality "1"]

{[%evp 12,68,19,0,3,10,7,4,1,5,16,0,0,-3,20,-10,0,-16,10,7,14,2,16,0,0,0,13,0,0,0,0,-30,-9,-66,-59,-179,-204,-270,-68,-370,-353,-492,-421,-590,-559,-547,-462,-782,-657,-816,-851,-866,-637,-716,-697,-1208,-1204,-1168,-1247]} 1. d4 Nf6 2. c4 e6 3. Nc3 Bb4 4. e3 O-O 5. Bd3 d5 6. Nf3 c5 7. cxd5 exd5 {E53: Nimzo-Indian: Rubinstein: Main Line (4...0-0 5 Nf3 d5 6 Bd3 c5 7 0-0)} 8. dxc5 (8. O-O cxd4 9. Nxd4 Nc6 10. Nxc6 bxc6 11. Na4 Bd6 12. h3 Qe7 13. Bd2 c5 14. Rc1 Bb7 15. b3 Qe5 16. f4 Qe7 17. Nc3 Rac8 {0-1 (41) Le,Q (2715)-Nakamura,H (2763) chess.com INT 2018}) 8... Nbd7 9. Bd2 Nxc5 {The position is equal.} 10. Be2 Ne6 11. a3 Be7 12. Nb5 Ne4 13. O-O $146 ({Predecessor:} 13. Bb4 N6c5 14. O-O a6 15. Nc3 {1-0 (67) Del Rio de Angelis,S (2501)-Rodriguez del Cerro,R (2139) Seville 2019}) 13... Bf6 14. Bc3 Bxc3 15. Nxc3 Nxc3 16. bxc3 b6 17. Qb3 Nc5 18. Qb4 Be6 19. Rfd1 Qf6 20. Qd4 Qe7 {Threatening ...Nb3.} 21. Rab1 Rfd8 22. Ne5 ({White should play} 22. Qb4 $11) 22... Rac8 $36 {[%mdl 2048] Black has some pressure.} 23. Bf3 {[#]} (23. Rdc1 $15) 23... Bf5 $1 $19 {[%cal Rf5b1]} 24. Rb2 Ne4 $2 (24... f6 $19 25. Ng4 (25. Bxd5+ $2 Be6 $19) 25... h5 26. Nxf6+ gxf6 27. Bxd5+ Kg7) 25. Rb3 $2 {[%mdl 8192]} (25. Bxe4 $15 Bxe4 26. Rb4) 25... f6 26. Ng4 h5 {Black is clearly winning.} 27. h3 (27. Nxf6+ $142 Qxf6 28. Qxf6 Nxf6 29. Rc1) 27... hxg4 28. hxg4 Bg6 29. g3 (29. Be2 $142) 29... Kf7 30. Kg2 Rc4 31. Qd3 Rd6 32. Qf1 Qe6 33. Rd4 Rxd4 34. cxd4 Nd2 {[%mdl 64] Double Attack. Accuracy: White = 17%, Black = 58%.} 0-1

[Event "IMSA Blitz Women 2019"]
[Site "Hengshui"]
[Date "2019.05.17"]
[Round "3.2"]
[White "Koneru, Humpy"]
[Black "Kosteniuk, Alexandra"]
[Result "1-0"]
[WhiteElo "2553"]
[BlackElo "2546"]
[Annotator "ChessBase"]
[PlyCount "125"]
[EventDate "2019.05.17"]
[EventType "blitz"]
[EventCountry "CHN"]
[SourceTitle "playchess.com"]
[Source "ChessBase"]
[SourceQuality "1"]
[TimeControl "180+2"]

1. d4 {[%emt 0:00:00]} Nf6 {[%emt 0:00:00]} 2. c4 {[%emt 0:00:00]} e6 {[%emt 0:00:00]} 3. Nf3 {[%emt 0:00:02]} d5 {[%emt 0:00:00]} 4. Nc3 {[%emt 0:00:01]} dxc4 {[%emt 0:00:01]} 5. e4 {[%emt 0:00:02]} b5 {[%emt 0:00:02]} 6. e5 {[%emt 0:00:35]} Nd5 {[%emt 0:00:01]} 7. Nxb5 {[%emt 0:00:02]} Nb6 {[%emt 0:00:01]} 8. Be2 {[%emt 0:00:11]} Be7 {[%emt 0:00:02]} 9. O-O {[%emt 0:00:03]} O-O {[%emt 0:00:01]} 10. Be3 {[%emt 0:00:17]} Nc6 {[%emt 0:00:14]} 11. Rc1 {[%emt 0:00:05]} Ba6 {[%emt 0:00:02]} 12. Nc3 {[%emt 0:00:05]} Nb4 {[%emt 0:00:14]} 13. b3 {[%emt 0:00:19]} N4d5 {[%emt 0:00:16]} 14. Bd2 {[%emt 0:00:11]} Ba3 {[%emt 0:00:06]} 15. Rb1 {[%emt 0:00:05]} Nxc3 {[%emt 0:00:29]} 16. Bxc3 {[%emt 0:00:01]} Be7 {[%emt 0:00:08]} 17. Nd2 {[%emt 0:00:20]} Qd5 {[%emt 0:00:42]} 18. Bf3 {[%emt 0:00:28]} Qd7 {[%emt 0:00:01]} 19. Bxa8 {[%emt 0:00:14]} cxb3 {[%emt 0:00:01]} 20. Bf3 {[%emt 0:00:07]} Bxf1 {[%emt 0:00:02]} 21. Qxf1 {[%emt 0:00:09]} bxa2 {[%emt 0:00:01]} 22. Ra1 {[%emt 0:00:02]} Na4 {[%emt 0:00:05]} 23. Qc4 {[%emt 0:00:05]} Rb8 {[%emt 0:00:03]} 24. Rxa2 {[%emt 0:00:06]} Nxc3 {[%emt 0:00:01]} 25. Qxc3 {[%emt 0:00:01]} Bb4 {[%emt 0:00:00]} 26. Qc1 {[%emt 0:00:11]} a5 {[%emt 0:00:04]} 27. h3 {[%emt 0:00:06]} h6 {[%emt 0:00:05]} 28. Qc4 {[%emt 0:00:02]} c5 {[%emt 0:00:08]} 29. Nb3 {[%emt 0:00:02]} cxd4 30. Nxd4 {[%emt 0:00:02]} Rc8 {[%emt 0:00:03]} 31. Nc6 {[%emt 0:00:00]} g6 {[%emt 0:00:18]} 32. Qe4 {[%emt 0:00:05]} Kg7 {[%emt 0:00:05]} 33. Nxb4 {[%emt 0:00:03]} Rc1+ {[%emt 0:00:03]} 34. Kh2 {[%emt 0:00:01]} axb4 {[%emt 0:00:01]} 35. Qxb4 {[%emt 0:00:02]} Qc7 {[%emt 0:00:02]} 36. Qf4 {[%emt 0:00:02]} Rc4 {[%emt 0:00:01]} 37. Qe3 {[%emt 0:00:02]} Rc5 {[%emt 0:00:01]} 38. Re2 {[%emt 0:00:01]} Rc3 {[%emt 0:00:01]} 39. Qf4 {[%emt 0:00:01]} Rc4 {[%emt 0:00:03]} 40. Qf6+ {[%emt 0:00:01]} Kh7 {[%emt 0:00:04]} 41. g3 {[%emt 0:00:04]} Rc1 {[%emt 0:00:01]} 42. Rd2 {[%emt 0:00:03]} Qa7 {[%emt 0:00:02]} 43. Kg2 {[%emt 0:00:02]} Rc8 {[%emt 0:00:05]} 44. Rd8 {[%emt 0:00:02]} Rxd8 {[%emt 0:00:02]} 45. Qxd8 {[%emt 0:00:01]} Qc5 {[%emt 0:00:02]} 46. Qf6 Qc7 47. h4 {[%emt 0:00:04]} h5 {[%emt 0:00:01]} 48. Be4 {[%emt 0:00:01]} Qd7 {[%emt 0:00:00]} 49. Qg5 Kg7 50. Qf6+ Kh7 51. g4 {[%emt 0:00:05]} hxg4 {[%emt 0:00:03]} 52. h5 {[%emt 0:00:00]} Qe8 {[%emt 0:00:01]} 53. hxg6+ {[%emt 0:00:04]} fxg6 {[%emt 0:00:00]} 54. Qh4+ {[%emt 0:00:02]} Kg7 {[%emt 0:00:01]} 55. Qxg4 {[%emt 0:00:01]} Qf7 {[%emt 0:00:00]} 56. Qg5 {[%emt 0:00:02]} Kh7 {[%emt 0:00:04]} 57. Kg3 {[%emt 0:00:01]} Qg7 {[%emt 0:00:04]} 58. Qh4+ {[%emt 0:00:06]} Kg8 {[%emt 0:00:01]} 59. Qd8+ {[%emt 0:00:01]} Kh7 {[%emt 0:00:01]} 60. Qf6 {[%emt 0:00:03]} Qg8 {[%emt 0:00:04]} 61. Kg4 {[%emt 0:00:02]} Kh6 {[%emt 0:00:02]} 62. Qg5+ {[%emt 0:00:02]} Kh7 {[%emt 0:00:01]} 63. Qh5+ {[%emt 0:00:01]} 1-0

[Event "IMSA Blitz Women 2019"]
[Site "Hengshui"]
[Date "2019.05.17"]
[Round "3.2"]
[White "Tan, Zhongyi"]
[Black "Krush, Irina"]
[Result "1-0"]
[WhiteElo "2513"]
[BlackElo "2422"]
[Annotator "TA"]
[PlyCount "147"]
[EventDate "2019.05.17"]
[EventType "blitz"]
[EventCountry "CHN"]
[SourceTitle "playchess.com"]
[Source "ChessBase"]
[SourceQuality "1"]

{[%evp 22,147,30,46,37,5,22,18,13,11,31,29,75,-4,12,2,2,-43,-36,-30,0,-35,-31,-42,-23,-22,-26,-27,-22,-28,-27,-31,-26,-14,-19,-16,-6,-12,0,-50,-10,-36,-36,-36,-36,-59,-58,-77,0,-58,-50,-54,-36,-36,-36,-36,-36,-36,-36,-43,-43,-51,-44,-43,-43,-43,-23,-23,0,-34,-18,-23,-23,-28,-27,-53,30,30,40,30,178,20,27,20,18,0,2,0,0,0,25,29,129,53,53,6,42,52,37,36,93,24,24,22,85,91,114,114,133,125,171,129,123,36,36,36,115,36,318,115,135,0,318,303,29979,29980,29988,29989]} 1. c4 c5 2. Nc3 Nc6 3. Nf3 g6 4. e3 Nf6 5. d4 cxd4 6. exd4 d5 7. cxd5 Nxd5 8. Qb3 Nxc3 9. Bc4 Nd5 10. Bxd5 e6 11. Bxc6+ bxc6 12. O-O f6 {A35: Symmetrical English: 2 Nc3 Nc6 3 Nf3} (12... Qd5 13. Be3 Be7 14. Rfc1 f6 15. Nd2 Kf7 16. Rc2 a5 17. Qc4 Bb7 18. Nb3 Ba6 19. Qxd5 cxd5 20. Nxa5 {½-½ (32) Giri,A (2771)-So,W (2812) Leuven 2017}) 13. Bd2 Qd5 14. Qe3 Bd6 {The position is equal.} 15. Rfe1 $146 ({Predecessor:} 15. Qh6 Kf7 16. Rfe1 Bb7 17. Rad1 Qh5 18. Qxh5 gxh5 19. Rc1 Rhg8 20. Re3 {1-0 (108) Korpa,B (2435)-Farkas,R (2265) Zalakaros 2015}) 15... Kf7 16. Bc3 g5 17. a3 (17. Rad1 $16) 17... a5 18. Rad1 Bf4 19. Qe4 (19. Qe2 {feels hotter.} Ba6 20. Qc2 Bc4 21. Nd2 Bxd2 22. Qxd2 h5 23. h3) 19... Qxe4 20. Rxe4 a4 21. g3 (21. Ne5+ $5 fxe5 22. dxe5 $11) 21... Bc7 22. Nd2 Ba6 23. Rde1 Rhe8 24. R4e3 f5 25. Bb4 g4 26. Rc3 $1 Bb5 27. Nc4 Rad8 28. Bc5 Rd5 29. Ne3 Rdd8 {Threatening ...Ba5.} 30. Rc2 Bd3 31. Rcc1 (31. Rc3 $5 {[%cal Rc3d3]} Bb5 32. Nc4 $11) 31... h5 32. Nc4 Be4 33. Red1 Bf3 34. Rd3 Be4 35. Rdd1 {[#]} h4 $1 {[%mdl 512]} 36. Ne5+ (36. gxh4 Rh8) 36... Bxe5 37. dxe5 Bd5 38. Bd6 Rh8 39. Rd4 Ra8 40. Rb4 Kg6 41. Rd1 Rh7 42. Rb6 Rah8 43. Rd2 $1 hxg3 (43... Ra7 {keeps more tension.} 44. Bc5 Kh5 45. Rc2 Rha8 46. Be3 Rd7) 44. fxg3 Rh3 45. Rb4 Ra8 46. Rc2 Rh7 47. Rd2 Kg5 48. Rdd4 {[#]} Rf7 (48... c5 $1 $15 {[%mdl 512]} 49. Bxc5 Rc7) 49. Rxa4 $11 Rh8 50. Rd2 f4 (50... Kg6 $11) 51. gxf4+ $2 (51. Rdd4 $18) 51... Rxf4 52. Rxf4 Kxf4 $18 {[%mdl 4096] Endgame KRB-KRB} 53. a4 g3 {And now ...Ke3 would win.} 54. hxg3+ Kxg3 {[%csl Gd5][%cal Rh8h1]} 55. Kf1 $1 Bf3 {[%cal Rh8h1]} (55... Bc4+ {looks sharper.} 56. Kg1 Bd5) 56. Bc5 Rh5 {[#]} (56... Rh1+ $11 57. Bg1 Be4) 57. Bf2+ (57. a5 $1 $16) 57... Kf4 $14 58. Rc2 Rh1+ 59. Bg1 Kxe5 60. a5 {[%cal Ba4a5,Ba5a6,Ba6a7][%mdl 32]} Be4 ({Better is} 60... Kd6 $14) 61. Rc5+ (61. Rd2 $16) 61... Kd6 $11 62. Rc3 c5 {[#]} (62... Kc7 $11 {keeps the balance.}) 63. a6 $1 $16 c4 64. a7 Bd5 65. Ra3 Ba8 66. Ra5 e5 67. Kf2 ({White should play} 67. Ra3 $16) 67... Rh7 $14 68. Ke2 Rd7 (68... Rb7 $14) 69. Be3 (69. Ra6+ $16 Kc7 70. Rh6) 69... Kc6 $2 {[%mdl 8192]} (69... Rb7 $1 $14) 70. Ra6+ $2 (70. Rxe5 $18 {and White stays clearly on top. Threatens to win with Re8.} Rd8 71. Rc5+ Kd7 72. Rxc4) 70... Kd5 $16 71. Ra5+ $2 (71. Rg6 $16) 71... Kc6 $1 $18 72. Rxe5 Kb7 $2 (72... Rb7 $18 73. Bd4 Kd6) 73. Re8 Ka6 74. Rxa8 {Accuracy: White = 41%, Black = 40%.} 1-0

[Event "IMSA Blitz Women 2019"]
[Site "Hengshui"]
[Date "2019.05.17"]
[Round "3.2"]
[White "Lei, Tingjie"]
[Black "Stefanova, Antoaneta"]
[Result "1-0"]
[WhiteElo "2507"]
[BlackElo "2470"]
[Annotator "RC"]
[PlyCount "89"]
[EventDate "2019.05.17"]
[EventType "blitz"]
[EventCountry "CHN"]
[SourceTitle "playchess.com"]
[Source "ChessBase"]
[SourceQuality "1"]
[TimeControl "180+2"]

1. e4 {[%emt 0:00:00]} e5 {[%emt 0:00:00]} 2. Nf3 {[%emt 0:00:01]} Nc6 {[%emt 0:00:00]} 3. Bb5 {[%emt 0:00:01]} g6 {[%emt 0:00:01]} 4. c3 {[%emt 0:00:02]} a6 {[%emt 0:00:06]} 5. Bxc6 {[%emt 0:00:06]} dxc6 {[%emt 0:00:01]} 6. d4 {[%emt 0:00:02]} exd4 {[%emt 0:00:07]} 7. cxd4 {[%emt 0:00:03]} Bg7 {[%emt 0:00:03]} 8. h3 {[%emt 0:00:01]} Ne7 {[%emt 0:00:05]} 9. Nc3 {[%emt 0:00:02]} h6 {[%emt 0:00:02]} 10. Be3 {[%emt 0:00:06]} g5 {[%emt 0:00:26]} 11. Qd2 {[%emt 0:00:13]} Qd6 {[%emt 0:00:05]} 12. O-O-O {[%emt 0:00:13]} Be6 {[%emt 0:00:49]} 13. Kb1 {[%emt 0:00:01]} O-O-O {[%emt 0:00:04]} 14. Qc2 {[%emt 0:00:07]} g4 {[%emt 0:00:18]} 15. hxg4 {[%emt 0:00:02]} Bxg4 {[%emt 0:00:01]} 16. Na4 {[%emt 0:00:05]} Kb8 {[%emt 0:00:13]} 17. Nc5 {[%emt 0:00:03]} Nc8 {[%emt 0:00:02]} 18. Rd3 {[%emt 0:00:14]} Nb6 {[%emt 0:00:02]} 19. Nd2 {[%emt 0:00:02]} Be6 {[%emt 0:00:10]} 20. Rd1 {[%emt 0:00:06]} Qe7 {[%emt 0:00:04]} 21. Ndb3 {[%emt 0:00:08]} Bxb3 {[%emt 0:00:04]} 22. Rxb3 {[%emt 0:00:02]} h5 {[%emt 0:00:06]} 23. a4 {[%emt 0:00:02]} a5 {[%emt 0:00:02]} 24. Qc3 {[%emt 0:00:04]} h4 {[%emt 0:00:05]} 25. Qxa5 {[%emt 0:00:06]} Rh5 {[%emt 0:00:03]} 26. Rc1 {[%emt 0:00:50]} Bxd4 {[%emt 0:00:10]} 27. Bxd4 {[%emt 0:00:07]} Rxd4 {[%emt 0:00:02]} 28. Na6+ {[%emt 0:00:02]} bxa6 {[%emt 0:00:02]} 29. Rxb6+ {[%emt 0:00:01]} cxb6 {[%emt 0:00:09]} 30. Qxb6+ {[%emt 0:00:02]} Qb7 {[%emt 0:00:08]} 31. Qxd4 {[%emt 0:00:02]} Rh6 {[%emt 0:00:09]} 32. Rc3 {[%emt 0:00:10]} Rg6 {[%emt 0:00:10]} 33. Ka2 {[%emt 0:00:02]} Qc7 {[%emt 0:00:03]} 34. Rb3+ {[%emt 0:00:05]} Kc8 {[%emt 0:00:00]} 35. Qh8+ {[%emt 0:00:04]} Kd7 {[%emt 0:00:02]} 36. Rd3+ {[%emt 0:00:02]} Ke7 {[%emt 0:00:02]} 37. Qxh4+ {[%emt 0:00:02]} Ke6 {[%emt 0:00:08]} 38. Qh3+ {[%emt 0:00:06]} Ke7 {[%emt 0:00:01]} 39. Qh4+ {[%emt 0:00:02]} Ke6 {[%emt 0:00:01]} 40. f4 {[%emt 0:00:19]} Qa5 {[%emt 0:00:08]} 41. f5+ {[%emt 0:00:01]} Ke5 {[%emt 0:00:01]} 42. Qe7+ {[%emt 0:00:06]} Kf4 {[%emt 0:00:01]} 43. fxg6 {[%emt 0:00:11]} Qxa4+ {[%emt 0:00:01]} 44. Qa3 {[%emt 0:00:01]} Qc4+ {[%emt 0:00:01]} 45. Qb3 {[%emt 0:00:01]} 1-0